000 01209nam a2200325Ia 4500
001 ebr10602086
003 CaPaEBR
006 m u
007 cr cn|||||||||
008 120611s2012 nju sb 001 0 eng d
010 _z 2012016642
020 _z9780470663059 (hardback)
020 _z9781118437964
040 _aCaPaEBR
_cCaPaEBR
035 _a(OCoLC)795645159
050 1 4 _aQ325.5
_b.S285 2012eb
082 0 4 _a006.3/1
_223
100 1 _aSchaathun, Hans Georg.
245 1 0 _aMachine learning in image steganalysis
_h[electronic resource] /
_cHans Georg Schaathun.
260 _aHoboken :
_bWiley,
_c2012.
300 _ax, 284 p.
504 _aIncludes bibliographical references and index.
533 _aElectronic reproduction.
_bPalo Alto, Calif. :
_cebrary,
_d2011.
_nAvailable via World Wide Web.
_nAccess may be limited to ebrary affiliated libraries.
650 0 _aMachine learning.
650 0 _aWavelets (Mathematics)
650 0 _aData encryption (Computer science)
655 7 _aElectronic books.
_2local
710 2 _aebrary, Inc.
856 4 0 _uhttp://site.ebrary.com/lib/rucke/Doc?id=10602086
_zAn electronic book accessible through the World Wide Web; click to view
999 _c98879
_d98879